000 00598nam a2200229Ia 4500
003 OSt
005 20221005025747.0
006 a|||||r|||| 00| 0
007 ta
008 221004b |||||||| |||| 00| 0 eng d
024 _a103764
037 _cTextual
040 _aCRL
_cCRL
_beng
041 _2eng
_aeng
082 _aA, L0
100 _aGaffron Hans
_9582140
245 0 _aRessitance to knoledge
260 _aCalifornia
_bThe Salk Institute for Biological Studies
_c1970
500 _aDSK Collection
942 _hA, L0
_cTEXL
_2cc
999 _c935253
_d935253